00309nam a2200121Ia 4500008004100000020002200041041000800063082002400071100001600095245003000111260003700141300000900178230411s9999 xx 000 0 und d a978-93-86450-35-6 aeng aPH/615.1/HAN/B08434 aHans Pankaj aJaypees Nursing Drug Book bJaypee BrothersaNew Delhic2017 a920p